000 nam a22 7a 4500
999 _c26168
_d26168
008 170202b xxu||||| |||| 00| 0 eng d
020 _a095890027
050 _aQA 63 .S73 1990
100 _aStacey, Kaye
245 _aStrategies for problem solving :
_blesson plans for developing mathematical thinking/
_cKaye Stacey and Susie Groves
260 _aAustralia :
_bLatitude Publications,
_c1990.
300 _a136p. :
_bill.
_c28 cm
650 _aMathematics
700 _aGroves, Susie
942 _2lcc
_cBOOKS
_hQA 63 .S73 1990